Geografia maloobchodu úvod do problematiky

Salvato in:
Dettagli Bibliografici
Autore principale: Križan, František
Altri autori: Lauko, Viliam
Natura: Libro
Lingua:slovacco
Pubblicazione: Bratislava Vydavateľstvo Univerzity Komenského 2014
Soggetti:
Tags: Aggiungi Tag
Nessun Tag, puoi essere il primo ad aggiungerne!!

MARC

LEADER 00000nam a2200000 4500
001 0182027
005 20240226122358.9
020 |a 978-80-223-3542-3 
041 0 |a slo 
044 |a SK 
245 1 0 |a Geografia maloobchodu  |b úvod do problematiky  |c František Križan, Viliam Lauko 
264 1 |a Bratislava  |b Vydavateľstvo Univerzity Komenského  |c 2014 
300 |a 196 s. 
610 2 0 |a maloobchod 
610 2 0 |a geografia 
610 2 0 |a vývoj 
610 2 0 |a metodológia 
610 2 0 |a mestá 
610 2 0 |a globalizácia 
610 2 0 |a spoločnosť konzumná 
610 2 0 |a správanie spotrebiteľa 
610 2 0 |a plánovanie 
610 2 0 |a analýza trhu 
610 2 0 |a Slovensko 
100 1 |a Križan, František 
700 1 |a Lauko, Viliam